Online
Catalog

Marketing interno y gestión de recursos humanos / (Record no. 35022)

MARC details
000 -CABECERA
campo de control de longitud fija 00603nam a2200181 a 4500
001 - NÚMERO DE CONTROL
campo de control 000035531
005 - FECHA Y HORA DE LA ÚLTIMA TRANSACCIÓN
campo de control 20200930074418.0
008 - DATOS DE LONGITUD FIJA--INFORMACIÓN GENERAL
campo de control de longitud fija 111103s1992 sp d 000 0 spa d
020 ## - NÚMERO INTERNACIONAL ESTÁNDAR DEL LIBRO
Número Internacional Estándar del Libro 8479780118
040 ## - FUENTE DE LA CATALOGACIÓN
Centro catalogador/agencia de origen DO-SdBNP
Lengua de catalogación spa
Centro/agencia transcriptor BNPHU
082 ## - NÚMERO DE LA CLASIFICACIÓN DECIMAL DEWEY
Número de clasificación xxx
Número de documento/Ítem L665
100 1# - ENTRADA PRINCIPAL--NOMBRE DE PERSONA
Nombre de persona Levionnois, Michel
9 (RLIN) 61421
240 10 - TÍTULO UNIFORME
Título uniforme Marketing interne et management des hommes
Lenguaje de la obra español
245 10 - MENCIÓN DE TÍTULO
Título Marketing interno y gestión de recursos humanos /
Mención de responsabilidad, etc. Michel Levionnois.
260 ## - PUBLICACIÓN, DISTRIBUCIÓN, ETC.
Lugar de publicación, distribución, etc. Madrid, España :
Nombre del editor, distribuidor, etc. Ediciones Diaz de Santos,
Fecha de publicación, distribución, etc. 1992.
300 ## - DESCRIPCIÓN FÍSICA
Extensión xiv, 145 p. :
Otras características físicas diagrs. ;
Dimensiones 22 cm.
500 ## - NOTA GENERAL
Nota general Traducido del francés
Holdings
Estado de retiro Estado de pérdida Restricciones de uso No para préstamo Código de colección Localización permanente Ubicación/localización actual Ubicación en estantería Fecha de adquisición Número de inventario Total de préstamos Signatura topográfica completa Código de barras Fecha visto por última vez Precio válido a partir de Tipo de ítem Koha
      Excluido de préstamo Monografías: Libros y Folletos General General En catalogación 03.11.2011 LF1   xxx L665 35531-10 25.06.2020 25.06.2020 No se presta

Powered by Koha